|
|
|
|
| LEADER |
00000nam0a2200000 4500 |
| 001 |
364481 |
| 005 |
20231102011707.0 |
| 035 |
|
|
|a (RuTPU)RU\TPU\retro\21839
|
| 090 |
|
|
|a 364481
|
| 100 |
|
|
|a 20211117d1981 m y0rusy50 ca
|
| 101 |
0 |
|
|a rus
|
| 102 |
|
|
|a BY
|
| 105 |
|
|
|a y z 001zy
|
| 200 |
1 |
|
|a Оружие обреченных (системный анализ идеологической диверсии)
|f И. И. Артамонов
|
| 210 |
|
|
|a Минск
|c Вышэйшая школа
|d 1981
|
| 215 |
|
|
|a 368 с.
|
| 320 |
|
|
|a Библиогр.: с. 344-362
|
| 606 |
1 |
|
|a Диверсии империалистические
|2 stltpush
|3 (RuTPU)RU\TPU\subj\9457
|9 36701
|
| 610 |
1 |
|
|a международные отношения
|
| 610 |
1 |
|
|a внешняя политика
|
| 610 |
1 |
|
|a капиталистические страны
|
| 610 |
1 |
|
|a 20 век
|
| 610 |
1 |
|
|a системный анализ
|
| 610 |
1 |
|
|a идеология
|
| 610 |
1 |
|
|a методы
|
| 610 |
1 |
|
|a способы
|
| 610 |
1 |
|
|a проникновение
|
| 610 |
1 |
|
|a воздействие
|
| 686 |
|
|
|a Ф4(0,8)5
|v LBC/SL-A
|2 rubbk
|
| 700 |
|
1 |
|a Артамонов
|b И. И.
|g Иван Иванович
|
| 801 |
|
1 |
|a RU
|b 63413507
|c 20211117
|
| 942 |
|
|
|c BK
|